<?xml version="1.0" encoding="UTF-8"?>
<marc:record xmlns:marc="http://www.loc.gov/MARC21/slim">
   <marc:leader>00000nam a2200000 a 4500</marc:leader>
   <marc:datafield ind1="1" ind2=" " tag="100">
      <marc:subfield code="a">Merg, Klaus</marc:subfield>
      <marc:subfield code="4">aut</marc:subfield>
      <marc:subfield code="e">Verfasser/-in</marc:subfield>
   </marc:datafield>
   <marc:datafield ind1=" " ind2=" " tag="653">
      <marc:subfield code="a">Arbeit</marc:subfield>
   </marc:datafield>
   <marc:datafield ind1=" " ind2=" " tag="653">
      <marc:subfield code="a">Management</marc:subfield>
   </marc:datafield>
   <marc:datafield ind1=" " ind2=" " tag="653">
      <marc:subfield code="a">Coaching</marc:subfield>
   </marc:datafield>
   <marc:datafield ind1=" " ind2=" " tag="653">
      <marc:subfield code="a">Burn-Out</marc:subfield>
   </marc:datafield>
   <marc:datafield ind1="0" ind2="0" tag="245">
      <marc:subfield code="a">Überleben im Job</marc:subfield>
   </marc:datafield>
   <marc:datafield ind1="0" ind2="0" tag="245">
      <marc:subfield code="b">Berufsalltag ohne Stress und Burn-out; Coaching für die Karriere; Umgang mit Chefs und Kollegen</marc:subfield>
   </marc:datafield>
   <marc:datafield ind1=" " ind2="1" tag="264">
      <marc:subfield code="b">Redline Wirtschaft</marc:subfield>
      <marc:subfield code="c">2005</marc:subfield>
   </marc:datafield>
   <marc:datafield ind1="1" ind2=" " tag="520">
      <marc:subfield code="a">Glücklich und erfolgreich - das Buch gegen Stress und Burn-out. Frust und Ärger im Job müssen nicht sein. Die perfekte Lektüre für alle, die ihr Job immer unzufriedener macht. Jeder von uns kennt das Grauen am Montagmorgen - fünf lange Arbeitstage liegen vor einem, der Chef hat wieder schlechte Laune, und dann auch noch dieses Projekt, das man zusätzlich noch aufs Auge gedrückt bekommen hat ... Aber alles halb so schlimm, sagen Klaus Merg und Torsten Knödler. Und beweisen in ihrem Buch, dass es geht: Überleben im Job ohne negative Gedanken, Magengeschwüre und Herzinfarkt. Auf unterhaltsame Art und Weise zeigen sie, wie man Privatleben und persönliche Ziele mit der Arbeit in Einklang bringt. Darüber hinaus liefern sie auch jede Menge wertvoller Tipps zur Selbstmotivation und zum stressfreien Umgang mit dem Chef und den Kollegen. Ein inspirierender Ratgeber contra Stress und Burn-out - und pro Ausgeglichenheit und Zufriedenheit. · Ratgeber für eine große Zielgruppe · Praktische, leicht umsetzbare Hilfestellung statt grauer Theorie · Sympathische Lebenshilfe ohne erhobenen Zeigefinger   Über den Autor Klaus Merg ist seit 1995 Geschäftsführer von Merg &amp; More und bringt seine Erfahrung als Personal- und Managementtrainer in dieses Buch ein. Torsten Knödler war einige Jahre Wirtschaftsredakteur bei der Tageszeitung DIE WELT. Heute ist er Führungskraft in einem Dienstleistungsunternehmen in München. *amazon.de*</marc:subfield>
   </marc:datafield>
   <marc:datafield ind1=" " ind2=" " tag="020">
      <marc:subfield code="a">9783636011886</marc:subfield>
      <marc:subfield code="9">9783636011886</marc:subfield>
   </marc:datafield>
</marc:record>
